| 000 | 00718cam a22002413a 4500 | ||
|---|---|---|---|
| 001 | 17473 | ||
| 003 | PGUSA | ||
| 005 | 20140828083355.0 | ||
| 008 | 060107s2006||||xxu|||||s|||||000 p eng d | ||
| 040 |
_aPGUSA _beng |
||
| 042 | _adc | ||
| 050 | 4 | _aPZ | |
| 100 | 1 |
_aWachtl, Karol, _d1876-1946 |
|
| 245 | 1 | 0 |
_aPrzyjaciel Dziatek : _bWierszyki dla — Dziatwy Polskiej w Ameryce _h[electronic resource] / _cKarol Wachtl |
| 260 |
_bProject Gutenberg, _c2006 |
||
| 506 | _aPublic domain in the USA. | ||
| 516 | _aElectronic text | ||
| 653 | _aAnimals -- Juvenile poetry | ||
| 653 | _aChildren's poetry, Polish | ||
| 830 | 0 |
_aProject Gutenberg _v17473 |
|
| 856 | 4 | 0 | _uhttp://www.gutenberg.org/ebooks/17473 |
| 942 | _cEB | ||
| 999 |
_c246728 _d246728 |
||